| 000 | 00601nam a22002057a 4500 | ||
|---|---|---|---|
| 003 | BUBTL | ||
| 008 | 180912b xxu||||| |||| 00| 0 eng d | ||
| 020 | _a9788131725849 | ||
| 082 | _a368/ R2791p/ 2008 | ||
| 100 |
_92020 _aRejda, E. George |
||
| 245 |
_aPrinciples of Risk Management and Insurance / _cGeorge E. Rejda |
||
| 250 | _a10th | ||
| 260 |
_aIndia _bPearson _cc2008 |
||
| 300 |
_a[xx], 748p . : _bill. Chart, Table ; 25cm . |
||
| 500 | _aIncludes Glossary and Index . | ||
| 650 | 0 |
_918 _aFinance |
|
| 856 |
_k0 _l0 _yDownload |
||
| 942 |
_2ddc _cBK |
||
| 999 |
_c5798 _d5798 |
||